Akta Komunikasi dan Multimedia 1998 (Akta 588), Peraturan-peraturan, Kaedah-kaedah dan Perintah, Akta Suruhanjaya Komunikasi dan Multimedia Malaysia 1998 (Akta 589) : (Record no. 4701)

000 -LEADER
fixed length control field nam a22 a 4500
003 - CONTROL NUMBER IDENTIFIER
control field AKMAL
005 - DATE AND TIME OF LATEST TRANSACTION
control field 20170731095858.0
008 - FIXED-LENGTH DATA ELEMENTS--GENERAL INFORMATION
fixed length control field 170731s2017 my | e l 000 0 may d
020 ## - INTERNATIONAL STANDARD BOOK NUMBER
Terms of availability RM52.00
082 04 - DEWEY DECIMAL CLASSIFICATION NUMBER
Classification number 343.595099 MAL
Edition number 22
090 00 - LOCALLY ASSIGNED LC-TYPE CALL NUMBER (OCLC); LOCAL CALL NUMBER (RLIN)
Classification number (OCLC) (R) ; Classification number, CALL (RLIN) (NR) 343.595099
Local cutter number (OCLC) ; Book number/undivided call number, CALL (RLIN) MAL
110 1# - MAIN ENTRY--CORPORATE NAME
Corporate name or jurisdiction name as entry element Malaysia
9 (RLIN) 400
245 10 - TITLE STATEMENT
Title Akta Komunikasi dan Multimedia 1998 (Akta 588), Peraturan-peraturan, Kaedah-kaedah dan Perintah, Akta Suruhanjaya Komunikasi dan Multimedia Malaysia 1998 (Akta 589) :
Remainder of title (pindaan hingga Ogos 2005) /
Statement of responsibility, etc. disusun oleh: PEnasihat Undang-Undang MDC
260 ## - PUBLICATION, DISTRIBUTION, ETC.
Place of publication, distribution, etc. Kuala Lumpur :
Name of publisher, distributor, etc. MDC Publishers,
Date of publication, distribution, etc. 2017.
300 ## - PHYSICAL DESCRIPTION
Extent 312 ms. ;
Dimensions 27cm.
490 1# - SERIES STATEMENT
Series statement Undang-undang Malaysia
650 10 - SUBJECT ADDED ENTRY--TOPICAL TERM
Topical term or geographic name entry element Telecommunication
General subdivision Law and legislation
Geographic subdivision Malaysia
9 (RLIN) 8750
650 20 - SUBJECT ADDED ENTRY--TOPICAL TERM
Topical term or geographic name entry element Data transmission systems
General subdivision Law and legislation
Geographic subdivision Malaysia
9 (RLIN) 9018
650 20 - SUBJECT ADDED ENTRY--TOPICAL TERM
Topical term or geographic name entry element Computer networks
General subdivision Law and legislation
Geographic subdivision Malaysia
9 (RLIN) 3721
830 #0 - SERIES ADDED ENTRY--UNIFORM TITLE
Uniform title UNDANG-UNDANG MALAYSIA
9 (RLIN) 9019
942 ## - ADDED ENTRY ELEMENTS (KOHA)
Source of classification or shelving scheme
Koha item type Book
950 ## - LOCAL HOLDINGS (RLIN)
Permanent shelving location, LOC (RLIN) AKMAL
Holdings
Withdrawn status Lost status Source of classification or shelving scheme Damaged status Not for loan Collection code Home library Current library Shelving location Date acquired Inventory number Total Checkouts Full call number Barcode Date last seen Price effective from Koha item type
          NON-FICTION AKMAL Melaka AKMAL Melaka PINJAMAN 31.07.2017 307138   343.595099 MAL 201707418 31.07.2017 31.07.2017 Book
Pusat Sumber Maklumat Dato' Haji Sarmin Md Hussin, Akademi Kastam Diraja Malaysia, Melaka
Tel: 06-2331106 | Faks: 06-2313787